000 00766nam a2200229Ia 4500
005 20260430150815.0
008 008 250103s9999 xx 000 0 hin d
037 _aTheses
040 _aCRL
040 _bhin
040 _chin
041 _2hin
041 _ahin
084 _qCRL
100 _aमणि, अल्का, ले.
_9870368
245 0 _aपारसी रंगमंच का प्रस्तुति विधान: प्राच्य एवं पाश्चात्य का प्रभाव
260 _c2023
300 _a321पृ.
700 _aदिल्ली विश्वविद्यालय. कला संकाय. हिंदी विभाग
942 _cTH
999 _c1850861
_d1850861